H8M5 - Piosenki - Statystyki

Ogólne statystyki
  • Ten quiz został rozwiązany 8 razy
  • Średni wynik to 19 z 30
Statystyki odpowiedzi
Hint Odpowiedź % Poprawnych
13 Drift
86%
23 PDW
86%
26 Piękna
86%
12 Prawdziwy Król
86%
20 Smutne Miasteczko
86%
15 Ból Dupy
71%
1 Inwazja
71%
6 Morfina
71%
8 Na Ulicy
71%
18 Pasy
71%
2 Sępy
71%
14 Skit 1
71%
17 Skit 2
71%
19 Skit 3
71%
22 Skit 4
71%
27 Skit 6
71%
21 Sweet Home
71%
9 W Imię Ojca Trapu
71%
16 Zło Jest Wszędzie
71%
30 Łzy Feniksa
57%
24 Shuriken
57%
25 Skit 5
57%
29 Skit 7
57%
10 Swoosh Gang
57%
3 Nowa Legenda
43%
7 Potępiony
43%
4 Pod Nadzorem
29%
11 Toniemy
29%
28 Trapsos
29%
5 Moja Wina
14%
Nie znaleziono quizów pasujących do podanych kryteriów
Rozkład punktacji
Procent ludzi z każdym wynikiem
Percentyl według liczby udzielonych odpowiedzi
Twoja historia wyników
Nie rozwiązałeś tego quizu